| 000 | 00000nam##2200000za#4500 |
| 001 | 9.601130 |
| 003 | CaOODSP |
| 005 | 20221028125832 |
| 007 | cr ||||||||||| |
| 008 | 150406|2008||||xxc|||||o f|0| 0 fre|d |
| 040 | |aCaOODSP|bfre |
| 043 | |an-cn--- |
| 086 | 1 |aYC27-0/392-8F-PDF |
| 110 | 1 |aCanada. |bParlement. |bSénat. |bComité sénatorial permanent de l'agriculture et des forêts. |
| 245 | 10|aDes coût croissant pour le agriculteur canadiens [sic] / |h[ressource électronique]|cL'honorable Joyce Fairbairn, C.P., présidente; L'honorable Leonard J. Gustafson, vice-président. |
| 246 | 3 |aDes coûts croissants pour les agriculteurs canadiens |
| 260 | |aOttawa - Ontario : |bSénat. |cJuin 2008. |
| 300 | |a31p.|bgraphiques, références, tableaux |
| 490 | 1 |aRapport du Comité sénatorial permanent de l'agriculture et des forêts|v[39e législature, 2e session, 8e rapport] |
| 590 | |a11-12-Supp|b2011-07-29 |
| 775 | 08|t"Growing" costs for Canadian farmers : |w(CaOODSP)9.570454 |
| 830 | #0|aRapport du Comité sénatorial permanent de l'agriculture et des forêts ;|v[39e législature, 2e session, 8e rapport]|w(CaOODSP)9.502039 |
| 856 | 40|ahttp://publications.gc.ca|qPDF|s232 Ko|uhttps://publications.gc.ca/collections/collection_2011/sen/yc27-0/YC27-0-392-8-fra.pdf|y[39e législature, 2e session, 8e rapport] |